Statistiche per Sport - Quiz

Clicka qui per fare il quiz!

Statistiche generali

  • Questo quiz è stato fatto 764 volte
  • Il punteggio medio è 15 su 24

Statistiche sulle risposte

AtletaSport% Corretto
Diego Armando MaradonaCalcio
100%
Roger FedererTennis
97%
Usain BoltAtletica Leggera
96%
Kobe BryantBasket
96%
Muhammad AlìPugilato
90%
Serena WilliamsTennis
88%
Marc MarquezMotociclismo
85%
Michael SchumacherFormula Uno
83%
Alberto TombaSci
82%
Michael PhelpsNuoto
79%
Tiger WoodsGolf
77%
Paola EgonuPallavolo
72%
Carolina KostnerPattinaggio Sul Ghiaccio
68%
Valentina VezzaliScherma
53%
Lance ArmstrongCiclismo
52%
Megan RapinoeCalcio
45%
Simone BilesGinnastica Artistica
44%
Katie LedeckyNuoto
44%
Lindsey VonnSci
41%
Sara SimeoniAtletica Leggera
38%
Igor CassinaGinnastica Artistica
31%
Marianne VosCiclismo
24%
Lisa LeslieBasket
20%
Lucia RijkerPugilato
14%

Distribuzione punteggi

Percentile per numero di risposta

Percentuale di utenti per punteggio

I tuoi punteggi nel tempo

Non hai fatto questo quiz